Evropská unie - evropské marketingové prostředí

Salvato in:
Dettagli Bibliografici
Autori principali: Foret, Miroslav (Autore), Šašinka, Oldřich (Autore), Procházka, Petr (Autore)
Natura: Libro
Lingua:ceco
Pubblicazione: Praha : Computer Press, 1999
Edizione:1.
Soggetti:
Accesso online:OBSAH
Tags: Aggiungi Tag
Nessun Tag, puoi essere il primo ad aggiungerne!!

MARC

LEADER 00000nam a22000003a 4500
001 stu54514
005 20240807111242.1
008 000629s1999----xr------------------cze-d
020 |a 80-7226-203-3 
040 |a STU  |b slo 
041 0 |a cze 
044 |a xr 
080 |a 658.8:339.923 
100 1 |a Foret, Miroslav  |4 aut 
245 1 |a Evropská unie - evropské marketingové prostředí 
250 |a 1. 
260 |a Praha :  |b Computer Press,  |c 1999 
300 |a 100 s 
650 7 |a Únia európska  |2 stusub 
650 7 |a marketing  |2 estusub 
700 1 |a Šašinka, Oldřich  |4 aut 
700 1 |a Procházka, Petr  |4 aut 
856 4 |a https://sweb.mtf.stuba.sk/obsahy/evropska_unie_evropska_evropske_marketingove_prostredi_99  |u https://sweb.mtf.stuba.sk/obsahy/evropska_unie_evropska_evropske_marketingove_prostredi_99  |3 OBSAH 
996 |b 284M039737  |c M*10515-2  |l MMKN  |s A  |a 24  |w stu54514_0001 
996 |b 284M010419  |c M*10515-1  |l MMST  |s A  |a 24  |w stu54514_0002 
996 |b 284M057311  |c M*10515-3  |l MMKN  |s A  |a 24  |w stu54514_0003 
996 |b 284M057312  |c M*10515-4  |l MMKN  |s A  |a 24  |w stu54514_0004 
996 |b 284M057313  |c M*10515-5  |l MMKN  |s A  |a 24  |w stu54514_0005 
996 |b 284EK90751  |c E* 90751  |l EE01  |s A  |a 24  |w stu54514_0006